TheMico University College Library

“Do it with thy might”

Opening Hours

Mondays – Thursdays 8:00am – 10:00pm
Fridays 8:00am – 7:00pm
Saturdays 10:00am – 6:00pm
Sundays 10:00am – 5:00pm

The psychological birth of the human infant : (Record no. 10727)

MARC details
000 -LEADER
fixed length control field 01148cam a2200337 i 4500
001 - CONTROL NUMBER
control field 790486
005 - DATE AND TIME OF LATEST TRANSACTION
control field 20140123140750.0
008 - FIXED-LENGTH DATA ELEMENTS--GENERAL INFORMATION
fixed length control field 750814s1975 nyua b 001 0 eng
010 ## - LIBRARY OF CONGRESS CONTROL NUMBER
LC control number 74077255
020 ## - INTERNATIONAL STANDARD BOOK NUMBER
International Standard Book Number 0465066593 :
Terms of availability $15.00
040 ## - CATALOGING SOURCE
Original cataloging agency DLC
Transcribing agency The Mico University College
Modifying agency DLC
050 00 - LIBRARY OF CONGRESS CALL NUMBER
Classification number BF723.I6
Item number M33
060 ## - NATIONAL LIBRARY OF MEDICINE CALL NUMBER
Classification number WS105 M214p
082 00 - DEWEY DECIMAL CLASSIFICATION NUMBER
Classification number 155.422 MAH
100 1# - MAIN ENTRY--PERSONAL NAME
Personal name Mahler, Margaret S.
245 14 - TITLE STATEMENT
Title The psychological birth of the human infant :
Remainder of title symbiosis and individuation /
Statement of responsibility, etc Margaret S. Mahler, Fred Pine, Anni Bergman.
260 ## - PUBLICATION, DISTRIBUTION, ETC. (IMPRINT)
Place of publication, distribution, etc New York :
Name of publisher, distributor, etc Basic Books,
Date of publication, distribution, etc [1975]
300 ## - PHYSICAL DESCRIPTION
Extent xii, 308 p. :
Other physical details ill. ;
Dimensions 25 cm.
500 ## - GENERAL NOTE
General note Includes indexes.
504 ## - BIBLIOGRAPHY, ETC. NOTE
Bibliography, etc Bibliography: p. 273-288.
650 #0 - SUBJECT ADDED ENTRY--TOPICAL TERM
Topical term or geographic name as entry element Infant psychology.
650 #0 - SUBJECT ADDED ENTRY--TOPICAL TERM
Topical term or geographic name as entry element Symbiosis (Psychology)
650 #0 - SUBJECT ADDED ENTRY--TOPICAL TERM
Topical term or geographic name as entry element Separation-individuation.
650 #2 - SUBJECT ADDED ENTRY--TOPICAL TERM
Topical term or geographic name as entry element Child development.
650 #2 - SUBJECT ADDED ENTRY--TOPICAL TERM
Topical term or geographic name as entry element Child psychology.
700 1# - ADDED ENTRY--PERSONAL NAME
Personal name Pine, Fred,
Dates associated with a name 1931-
700 1# - ADDED ENTRY--PERSONAL NAME
Personal name Bergman, Anni,
Dates associated with a name 1919-
856 42 - ELECTRONIC LOCATION AND ACCESS
Materials specified Publisher description
Uniform Resource Identifier <a href="http://www.loc.gov/catdir/enhancements/fy0830/74077255-d.html">http://www.loc.gov/catdir/enhancements/fy0830/74077255-d.html</a>
906 ## - LOCAL DATA ELEMENT F, LDF (RLIN)
a 7
b cbc
c orignew
d 1
e opcn
f 19
g y-gencatlg
942 ## - ADDED ENTRY ELEMENTS (KOHA)
Source of classification or shelving scheme Dewey Decimal Classification
Item type Book

No items available.